[Event "43. Olimpiada Batumi 2018 Femenina"]
[Site "Batumi GEO"]
[Date "2018.10.04"]
[Round "10.4"]
[White "Sarmiento Robles, Paula"]
[Black "Ui Laighleis, Gearoidin"]
[Result "1-0"]
[WhiteElo "1750"]
[BlackElo "1791"]
[PlyCount "97"]
[EventDate "2018.09.24"]
[EventType "team-swiss"]
[EventRounds "11"]
[EventCountry "GEO"]
[SourceTitle "Ajedrez en Madrid"]
[Source "lmi"]
[SourceDate "2018.09.24"]
[WhiteTeam "Ecuador"]
[BlackTeam "Ireland"]
[WhiteTeamCountry "ECU"]
[BlackTeamCountry "IRL"]

1. d4 d5 2. Nf3 Nf6 3. c4 e6 4. g3 c6 5. Bg2 Be7 6. O-O O-O 7. Nbd2 Nbd7 8. Qc2
Re8 9. b3 Bd6 10. Bb2 Nf8 11. Rfe1 Ng6 12. e4 Bc7 13. e5 Ng4 14. h3 Nh6 15. Nf1
Bd7 16. Bc1 Nf5 17. h4 h6 18. Ne3 Nxe3 19. Bxe3 c5 20. dxc5 Nxe5 21. Nxe5 Bxe5
22. Rad1 Bc6 23. Bxh6 Qc7 24. Be3 Rad8 25. cxd5 Bxd5 26. Bxd5 exd5 27. Kh2 Qd7
28. Qd3 Qg4 29. Kg2 Bf6 30. Rh1 d4 31. Bg5 Bxg5 32. hxg5 g6 33. Rh4 Qxg5 34.
Rxd4 Rc8 35. Rd5 Qf6 36. b4 Qe6 37. a3 Qc6 38. Qf3 Qe6 39. Rd7 Rb8 40. Rxb7
Rxb7 41. Qxb7 Kg7 42. Rd6 Qf5 43. Qf3 Qe5 44. Rd7 Qe6 45. Qd5 Qf6 46. Qd4 Re5
47. Rd6 Qe7 48. f4 Qb7+ 49. c6 1-0

[Event "43. Olimpiada Batumi 2018 Femenina"]
[Site "Batumi GEO"]
[Date "2018.10.04"]
[Round "10.1"]
[White "Gray, Krishna"]
[Black "Mendez Tovar, Yessica Yissel"]
[Result "0-1"]
[WhiteElo "1693"]
[BlackElo "2126"]
[PlyCount "62"]
[EventDate "2018.09.24"]
[EventType "team-swiss"]
[EventRounds "11"]
[EventCountry "GEO"]
[SourceTitle "Ajedrez en Madrid"]
[Source "lmi"]
[SourceDate "2018.09.24"]
[WhiteTeam "Jamaica"]
[BlackTeam "Mexico"]
[WhiteTeamCountry "JAM"]
[BlackTeamCountry "MEX"]

1. d4 g6 2. Bf4 Bg7 3. Nf3 Nf6 4. e3 d6 5. h3 O-O 6. Be2 c5 7. c3 Nbd7 8. O-O
a6 9. a4 b6 10. Nbd2 Bb7 11. b4 Nd5 12. Qb3 Nxf4 13. exf4 cxd4 14. Nxd4 Rc8 15.
Rac1 e5 16. fxe5 dxe5 17. Bf3 Qc7 18. Bxb7 Qxb7 19. Ne2 Nf6 20. c4 Bh6 21. Rc2
Rfd8 22. Qf3 Qe7 23. Rd1 e4 24. Qb3 Rd3 25. Nc3 Rcd8 26. Qb2 e3 27. Nf1 Rxd1
28. Nxd1 Rxd1 29. Re2 exf2+ 30. Kxf2 Ne4+ 31. Kg1 Rxf1+ 0-1

[Event "43. Olimpiada Batumi 2018 Femenina"]
[Site "Batumi GEO"]
[Date "2018.10.04"]
[Round "10.2"]
[White "Fuentes Godoy, Lilia Ivonne"]
[Black "Barrett, Ariel"]
[Result "1-0"]
[WhiteElo "2079"]
[BlackElo "1701"]
[PlyCount "45"]
[EventDate "2018.09.24"]
[EventType "team-swiss"]
[EventRounds "11"]
[EventCountry "GEO"]
[SourceTitle "Ajedrez en Madrid"]
[Source "lmi"]
[SourceDate "2018.09.24"]
[WhiteTeam "Mexico"]
[BlackTeam "Jamaica"]
[WhiteTeamCountry "MEX"]
[BlackTeamCountry "JAM"]

1. d4 e6 2. Nf3 f5 3. c4 Nf6 4. g3 Be7 5. Bg2 O-O 6. O-O d6 7. b3 Ne4 8. Bb2
Bf6 9. Na3 Nc6 10. Nd2 d5 11. Nc2 Qe8 12. f3 Ng5 13. e4 fxe4 14. fxe4 e5 15.
exd5 Nxd4 16. Ne4 Nxe4 17. Bxe4 Bh3 18. Rf2 Bg5 19. Rxf8+ Qxf8 20. Nxd4 Be3+
21. Kh1 exd4 22. Qh5 Qc8 23. Bxh7+ 1-0

[Event "43. Olimpiada Batumi 2018 Femenina"]
[Site "Batumi GEO"]
[Date "2018.10.04"]
[Round "10.3"]
[White "Miller, Rachel"]
[Black "Real Pereyra, Diana Carime"]
[Result "1/2-1/2"]
[WhiteElo "1859"]
[BlackElo "2110"]
[PlyCount "82"]
[EventDate "2018.09.24"]
[EventType "team-swiss"]
[EventRounds "11"]
[EventCountry "GEO"]
[SourceTitle "Ajedrez en Madrid"]
[Source "lmi"]
[SourceDate "2018.09.24"]
[WhiteTeam "Jamaica"]
[BlackTeam "Mexico"]
[WhiteTeamCountry "JAM"]
[BlackTeamCountry "MEX"]

1. e4 c5 2. Nc3 Nc6 3. Bb5 Nd4 4. Bc4 e6 5. Nge2 a6 6. Nxd4 cxd4 7. Ne2 b5 8.
Bb3 Bb7 9. d3 Qb6 10. O-O Ne7 11. Ng3 g6 12. Bg5 Ng8 13. Bd2 Bg7 14. a4 h5 15.
h3 Ne7 16. axb5 axb5 17. Rxa8+ Bxa8 18. Qa1 Bb7 19. Ba5 Qc6 20. Bd2 h4 21. Ne2
f5 22. f3 Qb6 23. Qa5 Qxa5 24. Bxa5 Bh6 25. Be1 Be3+ 26. Bf2 Bxf2+ 27. Kxf2 Nc6
28. exf5 gxf5 29. c3 dxc3 30. bxc3 Ke7 31. Rb1 Ra8 32. d4 Na5 33. Bc2 Bc6 34.
Bd3 Nc4 35. Bxc4 bxc4 36. Ke3 Kf6 37. Rb4 Bd5 38. Rb5 d6 39. Rb6 Ke7 40. Nf4
Ra3 41. Kd2 Ra2+ 1/2-1/2

[Event "43. Olimpiada Batumi 2018 Femenina"]
[Site "Batumi GEO"]
[Date "2018.10.04"]
[Round "10.4"]
[White "Garcia Morales, Ivette Ale"]
[Black "Clarke, Adani"]
[Result "1-0"]
[WhiteElo "2013"]
[BlackElo "1643"]
[PlyCount "73"]
[EventDate "2018.09.24"]
[EventType "team-swiss"]
[EventRounds "11"]
[EventCountry "GEO"]
[SourceTitle "Ajedrez en Madrid"]
[Source "lmi"]
[SourceDate "2018.09.24"]
[WhiteTeam "Mexico"]
[BlackTeam "Jamaica"]
[WhiteTeamCountry "MEX"]
[BlackTeamCountry "JAM"]

1. d4 e6 2. Nf3 Nf6 3. g3 d5 4. c4 Be7 5. Bg2 O-O 6. O-O c5 7. cxd5 Nxd5 8. e4
Nf6 9. e5 Nd5 10. dxc5 Bxc5 11. Qc2 Be7 12. Rd1 Nb4 13. Qe2 Qc7 14. Nc3 Bd7 15.
Bf4 Bc6 16. Rac1 Rd8 17. a3 Rxd1+ 18. Rxd1 Nd5 19. Nxd5 Bxd5 20. Rxd5 exd5 21.
e6 Qc4 22. exf7+ Kf8 23. Qe6 Nc6 24. Ng5 Qc2 25. Bxd5 Nd4 26. Qe3 Ne2+ 27. Qxe2
Qb1+ 28. Kg2 Rc8 29. Ne6+ Kxf7 30. Nc7+ Kg6 31. Be4+ Qxe4+ 32. Qxe4+ Kf7 33.
Qe6+ Kf8 34. Qxc8+ Kf7 35. Qe6+ Kf8 36. Bg5 Bxg5 37. Qe8# 1-0

[Event "43. Olimpiada Batumi 2018 Femenina"]
[Site "Batumi GEO"]
[Date "2018.10.04"]
[Round "10.1"]
[White "Vazquez Maccarini, Danitza"]
[Black "Nouman, Amna"]
[Result "1-0"]
[WhiteElo "2082"]
[BlackElo "1909"]
[PlyCount "83"]
[EventDate "2018.09.24"]
[EventType "team-swiss"]
[EventRounds "11"]
[EventCountry "GEO"]
[SourceTitle "Ajedrez en Madrid"]
[Source "lmi"]
[SourceDate "2018.09.24"]
[WhiteTeam "Puerto Rico"]
[BlackTeam "United Arab Emirates"]
[WhiteTeamCountry "PUR"]
[BlackTeamCountry "UAE"]

1. e4 e5 2. Nf3 Nc6 3. Bb5 a6 4. Ba4 Nf6 5. d3 b5 6. Bb3 Bd6 7. c3 O-O 8. O-O
Bb7 9. Re1 h6 10. Nbd2 Re8 11. Nf1 Bf8 12. a4 d5 13. Qe2 d4 14. cxd4 Nxd4 15.
Nxd4 Qxd4 16. Be3 Qd7 17. h3 Red8 18. Red1 c5 19. Ng3 g6 20. f4 exf4 21. Bxf4
Qd4+ 22. Kh2 Qb4 23. Qc2 Qd4 24. Qe2 Re8 25. Be3 Qe5 26. d4 Qe7 27. e5 c4 28.
Bc2 Nd5 29. Ne4 f5 30. Nd6 Nxe3 31. Nxe8 Nxc2 32. Nf6+ Kg7 33. Qxc2 Qd8 34.
axb5 axb5 35. Rxa8 Qxa8 36. d5 Be7 37. d6 Bxf6 38. exf6+ Kxf6 39. d7 Qd8 40.
Qc3+ Kf7 41. Rd6 Be4 42. Rf6+ 1-0

[Event "43. Olimpiada Batumi 2018 Femenina"]
[Site "Batumi GEO"]
[Date "2018.10.04"]
[Round "10.2"]
[White "Al Maamari, Wafia Darwish"]
[Black "Comas Colon, Rinelly M"]
[Result "1/2-1/2"]
[WhiteElo "1774"]
[BlackElo "1720"]
[PlyCount "142"]
[EventDate "2018.09.24"]
[EventType "team-swiss"]
[EventRounds "11"]
[EventCountry "GEO"]
[SourceTitle "Ajedrez en Madrid"]
[Source "lmi"]
[SourceDate "2018.09.24"]
[WhiteTeam "United Arab Emirates"]
[BlackTeam "Puerto Rico"]
[WhiteTeamCountry "UAE"]
[BlackTeamCountry "PUR"]

1. e4 g6 2. d4 Bg7 3. Nc3 d6 4. Be3 Nf6 5. h3 c6 6. g4 h5 7. g5 Nfd7 8. Bg2 e5
9. Nf3 Qe7 10. O-O O-O 11. dxe5 Nxe5 12. Nxe5 dxe5 13. f4 exf4 14. Bxf4 Be5 15.
Qf3 Nd7 16. Rad1 Nc5 17. b4 Bxf4 18. Qxf4 Ne6 19. Qf6 Qxb4 20. h4 b6 21. Bh3
Qc5+ 22. Kh2 b5 23. Rd2 a5 24. Rf3 a4 25. Kg2 b4 26. Ne2 Qc4 27. Ng3 Ng7 28.
Bxc8 Raxc8 29. c3 c5 30. cxb4 cxb4 31. Qb2 Rfd8 32. Rdf2 Rc7 33. Re3 Ne6 34.
Ree2 Qd4 35. Rd2 Qb6 36. Rxd8+ Nxd8 37. Qe5 Ne6 38. Qb2 Qd6 39. Rd2 Qc5 40. e5
Qc3 41. Kf2 Qxb2 42. Rxb2 Rc4 43. Kf3 Rc3+ 44. Kf2 Nf4 45. Rd2 Nd3+ 46. Ke2
Nxe5 47. Rd8+ Kg7 48. Ne4 Nc6 49. Nxc3 Nxd8 50. Nxa4 f6 51. gxf6+ Kxf6 52. Nc5
Nc6 53. Nd3 b3 54. axb3 Nd4+ 55. Kf2 Nxb3 56. Kg3 Nd4 57. Nf4 Kf5 58. Nh3 Ne6
59. Ng1 Nf4 60. Nf3 Nd3 61. Ng5 Ne5 62. Nh3 Nf7 63. Nf4 Nd6 64. Ng2 Ke4 65. Ne1
Nf5+ 66. Kh3 Ke3 67. Ng2+ Kf3 68. Ne1+ Ke2 69. Ng2 Kf3 70. Ne1+ Kf2 71. Nd3+
Ke3 1/2-1/2

[Event "43. Olimpiada Batumi 2018 Femenina"]
[Site "Batumi GEO"]
[Date "2018.10.04"]
[Round "10.4"]
[White "Mariam, Essa"]
[Black "Maldonado Polo, Mariangeli"]
[Result "1-0"]
[WhiteElo "1460"]
[BlackElo "1274"]
[PlyCount "37"]
[EventDate "2018.09.24"]
[EventType "team-swiss"]
[EventRounds "11"]
[EventCountry "GEO"]
[SourceTitle "Ajedrez en Madrid"]
[Source "lmi"]
[SourceDate "2018.09.24"]
[WhiteTeam "United Arab Emirates"]
[BlackTeam "Puerto Rico"]
[WhiteTeamCountry "UAE"]
[BlackTeamCountry "PUR"]

1. e4 e5 2. Nf3 Nc6 3. Bc4 Nf6 4. d4 exd4 5. e5 Ne4 6. O-O Be7 7. Re1 Ng5 8.
Nxg5 Bxg5 9. Qh5 O-O 10. Bxg5 Qe8 11. Na3 a6 12. Bf6 Ne7 13. f4 b5 14. Bb3 Bb7
15. Qg5 Ng6 16. f5 gxf6 17. exf6 Qd8 18. fxg6 hxg6 19. Qxg6+ 1-0

[Event "43. Olimpiada Batumi 2018 Femenina"]
[Site "Batumi GEO"]
[Date "2018.10.04"]
[Round "10.1"]
[White "Ndirangu, Joyce Nyaruai"]
[Black "Liu, Yang Hazel"]
[Result "0-1"]
[WhiteElo "1673"]
[BlackElo "2064"]
[PlyCount "105"]
[EventDate "2018.09.24"]
[EventType "team-swiss"]
[EventRounds "11"]
[EventCountry "GEO"]
[SourceTitle "Ajedrez en Madrid"]
[Source "lmi"]
[SourceDate "2018.09.24"]
[WhiteTeam "Kenya"]
[BlackTeam "Singapore"]
[WhiteTeamCountry "KEN"]
[BlackTeamCountry "SIN"]

1. d4 Nf6 2. Bf4 e6 3. e3 c5 4. c3 Be7 5. Nd2 O-O 6. Bd3 Nc6 7. Ngf3 b6 8. Ne5
Bb7 9. Qe2 d6 10. Nxc6 Bxc6 11. f3 Nd7 12. Nc4 Qc7 13. Nd2 e5 14. dxe5 Nxe5 15.
Bc2 Ng6 16. Bg3 Qb7 17. Ne4 Rad8 18. Rd1 d5 19. Nf2 Rfe8 20. O-O Bg5 21. e4 f5
22. f4 Bh6 23. Qh5 Nxf4 24. Bxf4 Bxf4 25. exd5 Bxd5 26. Qxf5 Bxg2 27. Qxh7+ Kf8
28. Qf5+ Kg8 29. Rxd8 Rxd8 30. Qh7+ Kf7 31. Qg6+ Kf8 32. Re1 Bd5 33. Qh7 Qc7
34. Ng4 Bg8 35. Qh5 Qf7 36. Qh3 Qd5 37. Rf1 g5 38. Qh6+ Kf7 39. Qf6+ Ke8 40.
Bg6+ Kd7 41. Re1 Kc7 42. Be4 Qe6 43. Qf5 Qxf5 44. Bxf5 Bd5 45. Re7+ Kb8 46. Ne5
Bb7 47. Nd3 Bd6 48. Rg7 c4 49. Ne1 Bc5+ 50. Kf1 Rf8 51. Rxg5 Bc8 52. Ke2 Bxf5
53. b3 0-1

[Event "43. Olimpiada Batumi 2018 Femenina"]
[Site "Batumi GEO"]
[Date "2018.10.04"]
[Round "10.2"]
[White "Hng, Mei-En Emmanuelle"]
[Black "Jumba, Gloria"]
[Result "1-0"]
[WhiteElo "2020"]
[BlackElo "1598"]
[PlyCount "71"]
[EventDate "2018.09.24"]
[EventType "team-swiss"]
[EventRounds "11"]
[EventCountry "GEO"]
[SourceTitle "Ajedrez en Madrid"]
[Source "lmi"]
[SourceDate "2018.09.24"]
[WhiteTeam "Singapore"]
[BlackTeam "Kenya"]
[WhiteTeamCountry "SIN"]
[BlackTeamCountry "KEN"]

1. e4 d6 2. d4 Nf6 3. Nc3 g6 4. Be2 Bg7 5. h3 Nc6 6. d5 Nb8 7. Nf3 Nbd7 8. Be3
O-O 9. O-O e5 10. dxe6 fxe6 11. a4 a5 12. Bc4 Re8 13. Qd2 b6 14. Nd4 Ne5 15.
Ba2 Nf7 16. Bc4 Bd7 17. Be2 e5 18. Nf3 Bc6 19. Ng5 Nxg5 20. Bxg5 Qd7 21. Bb5
Bxb5 22. axb5 Rf8 23. b4 Kh8 24. Bxf6 Bxf6 25. Nd5 a4 26. Ra3 Ra7 27. c4 Kg7
28. Rfa1 Rfa8 29. Qc2 Bd8 30. Rxa4 Rxa4 31. Rxa4 Qc8 32. Qa2 Rxa4 33. Qxa4 Qb8
34. Qa6 Kf7 35. c5 h5 36. c6 1-0

[Event "43. Olimpiada Batumi 2018 Femenina"]
[Site "Batumi GEO"]
[Date "2018.10.04"]
[Round "10.3"]
[White "Wanjiru, Lucy"]
[Black "Siew, Kai Xin"]
[Result "1/2-1/2"]
[WhiteElo "1475"]
[BlackElo "1751"]
[PlyCount "81"]
[EventDate "2018.09.24"]
[EventType "team-swiss"]
[EventRounds "11"]
[EventCountry "GEO"]
[SourceTitle "Ajedrez en Madrid"]
[Source "lmi"]
[SourceDate "2018.09.24"]
[WhiteTeam "Kenya"]
[BlackTeam "Singapore"]
[WhiteTeamCountry "KEN"]
[BlackTeamCountry "SIN"]

1. e4 c5 2. Nf3 Nc6 3. d4 cxd4 4. Nxd4 g6 5. c4 Bg7 6. Be3 Nf6 7. Nc3 d6 8. Be2
O-O 9. O-O Bd7 10. f3 Nxd4 11. Bxd4 a5 12. Qd2 Bc6 13. Be3 Nd7 14. Bh6 Bxh6 15.
Qxh6 Qb6+ 16. Kh1 Qxb2 17. Qc1 Qxc1 18. Rfxc1 Nc5 19. Nd5 Bxd5 20. cxd5 a4 21.
Rab1 Kg7 22. Kg1 a3 23. Kf2 f6 24. Ke3 h5 25. f4 Ra4 26. Rc4 Raa8 27. g3 Kh6
28. h3 Ra5 29. g4 hxg4 30. hxg4 Kg7 31. Rcb4 Rh8 32. Rf1 Rh3+ 33. Rf3 Rh8 34.
f5 g5 35. Rf1 Kf7 36. Bf3 Kg7 37. Rh1 Rc8 38. Kd4 Rc7 39. Rhb1 Ra7 40. Be2 Rc8
41. Rh1 1/2-1/2

[Event "43. Olimpiada Batumi 2018 Femenina"]
[Site "Batumi GEO"]
[Date "2018.10.04"]
[Round "10.4"]
[White "Hng, Mei-Xian Eunice"]
[Black "Mwikali, Daphne"]
[Result "1-0"]
[WhiteElo "1687"]
[BlackElo "1481"]
[PlyCount "65"]
[EventDate "2018.09.24"]
[EventType "team-swiss"]
[EventRounds "11"]
[EventCountry "GEO"]
[SourceTitle "Ajedrez en Madrid"]
[Source "lmi"]
[SourceDate "2018.09.24"]
[WhiteTeam "Singapore"]
[BlackTeam "Kenya"]
[WhiteTeamCountry "SIN"]
[BlackTeamCountry "KEN"]

1. e4 e5 2. Nf3 d6 3. d4 exd4 4. Nxd4 Nf6 5. Nc3 Be7 6. Be2 Bd7 7. O-O O-O 8.
Be3 Nc6 9. f4 Nxd4 10. Bxd4 Bc6 11. Bf3 Qd7 12. Qe1 Ne8 13. Rd1 f5 14. exf5
Bxf3 15. Rxf3 Rxf5 16. Ne4 Rf7 17. Re3 d5 18. Nf2 Nd6 19. Nd3 Bf6 20. Ne5 Qa4
21. b3 Qxa2 22. Nxf7 Bxd4 23. Rxd4 Kxf7 24. Re7+ Kf8 25. Rxd5 Qxc2 26. Re3 Qc6
27. Rde5 Rd8 28. h3 b6 29. Qh4 Re8 30. Rxe8+ Nxe8 31. Qe7+ Kg8 32. Qxe8+ Qxe8
33. Rxe8+ 1-0

[Event "43. Olimpiada Batumi 2018 Femenina"]
[Site "Batumi GEO"]
[Date "2018.10.04"]
[Round "10.1"]
[White "Hoshino, Karen"]
[Black "Rania, Sbai"]
[Result "1/2-1/2"]
[WhiteElo "1945"]
[BlackElo "1893"]
[PlyCount "80"]
[EventDate "2018.09.24"]
[EventType "team-swiss"]
[EventRounds "11"]
[EventCountry "GEO"]
[SourceTitle "Ajedrez en Madrid"]
[Source "lmi"]
[SourceDate "2018.09.24"]
[WhiteTeam "Japan"]
[BlackTeam "Morocco"]
[WhiteTeamCountry "JPN"]
[BlackTeamCountry "MAR"]

1. d4 d5 2. c4 c6 3. Nc3 Nf6 4. e3 e6 5. Nf3 Nbd7 6. Bd3 dxc4 7. Bxc4 b5 8. Be2
Bb7 9. e4 b4 10. e5 bxc3 11. exf6 Nxf6 12. bxc3 Qc7 13. O-O Bd6 14. Re1 h6 15.
Bf1 O-O 16. Ne5 c5 17. Bf4 Nd5 18. dxc5 Bxc5 19. Qg4 Nxf4 20. Qxf4 Bd6 21. Qe3
Bxe5 22. Qxe5 Qxe5 23. Rxe5 Rfc8 24. Rc1 Bd5 25. c4 Rc7 26. Re3 Rac8 27. Rec3
Rc5 28. f3 Kf8 29. Kf2 Ke7 30. Ke3 e5 31. Bd3 Be6 32. f4 exf4+ 33. Kxf4 Ra5 34.
a3 Ra4 35. Ke3 Rc5 36. Kd4 Rca5 37. Ra1 Rg5 38. Ra2 Rg4+ 39. Kc5 Rg5+ 40. Kd4
Rg4+ 1/2-1/2

[Event "43. Olimpiada Batumi 2018 Femenina"]
[Site "Batumi GEO"]
[Date "2018.10.04"]
[Round "10.2"]
[White "Mayar ElIdrissi, Firdaous"]
[Black "Kojima, Natsumi"]
[Result "1/2-1/2"]
[WhiteElo "1797"]
[BlackElo "1655"]
[PlyCount "60"]
[EventDate "2018.09.24"]
[EventType "team-swiss"]
[EventRounds "11"]
[EventCountry "GEO"]
[SourceTitle "Ajedrez en Madrid"]
[Source "lmi"]
[SourceDate "2018.09.24"]
[WhiteTeam "Morocco"]
[BlackTeam "Japan"]
[WhiteTeamCountry "MAR"]
[BlackTeamCountry "JPN"]

1. e4 e5 2. Nf3 Nc6 3. d4 exd4 4. Nxd4 Bc5 5. Be3 Qf6 6. c3 Nge7 7. g3 h5 8. h4
d6 9. Bg2 Bd7 10. Bg5 Qg6 11. Nb3 Bb6 12. Na3 f6 13. Bf4 a6 14. Nc4 Ba7 15. Qe2
O-O-O 16. O-O-O Qf7 17. Be3 Be6 18. Ncd2 Bxe3 19. Qxe3 d5 20. Rhe1 Rhe8 21. Qc5
dxe4 22. Bxe4 Bd5 23. Bd3 Ne5 24. Bf1 N7c6 25. Qa3 Nc4 26. Nxc4 Bxc4 27. Bxc4
Qxc4 28. Rxd8+ Rxd8 29. Qc5 Ne5 30. Qxc4 Nxc4 1/2-1/2

[Event "43. Olimpiada Batumi 2018 Femenina"]
[Site "Batumi GEO"]
[Date "2018.10.04"]
[Round "10.3"]
[White "Shibata, Misaki"]
[Black "Ibrahimi, Khadija"]
[Result "1/2-1/2"]
[WhiteElo "1605"]
[BlackElo "1531"]
[PlyCount "64"]
[EventDate "2018.09.24"]
[EventType "team-swiss"]
[EventRounds "11"]
[EventCountry "GEO"]
[SourceTitle "Ajedrez en Madrid"]
[Source "lmi"]
[SourceDate "2018.09.24"]
[WhiteTeam "Japan"]
[BlackTeam "Morocco"]
[WhiteTeamCountry "JPN"]
[BlackTeamCountry "MAR"]

1. d4 d5 2. c4 c6 3. Nc3 Nf6 4. e3 g6 5. Nf3 Bg4 6. Be2 Bxf3 7. Bxf3 e6 8. O-O
Bg7 9. Qe2 O-O 10. Rd1 Nbd7 11. cxd5 exd5 12. Rb1 a5 13. Bd2 Nb6 14. b3 Re8 15.
Be1 Nfd7 16. Qc2 f5 17. a3 Nf6 18. Rdc1 Ne4 19. Be2 Nd6 20. Nd1 Qe7 21. Bd3 f4
22. Bc3 Qg5 23. Be2 Nf5 24. exf4 Qxf4 25. Bf1 Nxd4 26. Qb2 c5 27. Ra1 Qg5 28.
Kh1 Qf5 29. Rab1 Be5 30. Qd2 Bf4 31. Ne3 Qh5 32. g3 Bxe3 1/2-1/2

[Event "43. Olimpiada Batumi 2018 Femenina"]
[Site "Batumi GEO"]
[Date "2018.10.04"]
[Round "10.4"]
[White "Alaoui Belghiti, Chaimaa"]
[Black "Hoshino, Meilin"]
[Result "1/2-1/2"]
[WhiteElo "1689"]
[BlackElo "1533"]
[PlyCount "60"]
[EventDate "2018.09.24"]
[EventType "team-swiss"]
[EventRounds "11"]
[EventCountry "GEO"]
[SourceTitle "Ajedrez en Madrid"]
[Source "lmi"]
[SourceDate "2018.09.24"]
[WhiteTeam "Morocco"]
[BlackTeam "Japan"]
[WhiteTeamCountry "MAR"]
[BlackTeamCountry "JPN"]

1. c4 c6 2. Nc3 Nf6 3. g3 d5 4. cxd5 cxd5 5. d4 Bf5 6. Bg2 e6 7. Nf3 Nbd7 8.
O-O Be7 9. b3 O-O 10. Bb2 Rc8 11. Rc1 Ne4 12. Nxe4 Bxe4 13. Qd2 Qb6 14. Rxc8
Rxc8 15. Rc1 Rxc1+ 16. Qxc1 Qd8 17. Ba3 Bf6 18. e3 h6 19. Qc3 Nb8 20. Qc1 Nc6
21. Qc3 Qc7 22. Nd2 Bxg2 23. Kxg2 b5 24. Bc5 a5 25. a3 Qb7 26. b4 a4 27. Nf3 e5
28. Ne1 exd4 29. exd4 Be7 30. Nd3 Bf6 1/2-1/2

[Event "43. Olimpiada Batumi 2018 Femenina"]
[Site "Batumi GEO"]
[Date "2018.10.04"]
[Round "10.1"]
[White "Rodriguez Arrieta, Maria Elena"]
[Black "Barria Baker, Raisa Melissa"]
[Result "0-1"]
[WhiteElo "1943"]
[BlackElo "1962"]
[PlyCount "70"]
[EventDate "2018.09.24"]
[EventType "team-swiss"]
[EventRounds "11"]
[EventCountry "GEO"]
[SourceTitle "Ajedrez en Madrid"]
[Source "lmi"]
[SourceDate "2018.09.24"]
[WhiteTeam "Costa Rica"]
[BlackTeam "Panama"]
[WhiteTeamCountry "CRI"]
[BlackTeamCountry "PAN"]

1. e4 e6 2. d3 d5 3. Nd2 c5 4. Ngf3 Nf6 5. g3 b6 6. Bg2 Bb7 7. O-O Be7 8. Re1
Nc6 9. e5 Nd7 10. h4 h6 11. h5 Qc7 12. Qe2 O-O-O 13. c3 Kb8 14. a3 Rdg8 15. b4
g6 16. hxg6 Rxg6 17. Nf1 h5 18. Bf4 h4 19. b5 Na5 20. Nxh4 Bxh4 21. gxh4 d4 22.
Bg3 Rxh4 23. c4 Qc8 24. Nd2 Qh8 25. Bxb7 Nxb7 26. Qf3 Qh6 27. Nb3 Rf4 28. Qc6
Qh3 29. Qg2 Qf5 30. Rad1 Rf3 31. Nc1 Na5 32. Re4 Nf8 33. Rh4 Rg8 34. Qh3 Rfxg3+
35. fxg3 Qf3 0-1

[Event "43. Olimpiada Batumi 2018 Femenina"]
[Site "Batumi GEO"]
[Date "2018.10.04"]
[Round "10.2"]
[White "Chung, Yaleika"]
[Black "Gamboa Alvarado, Olga Leticia"]
[Result "1/2-1/2"]
[WhiteElo "1736"]
[BlackElo "1869"]
[PlyCount "64"]
[EventDate "2018.09.24"]
[EventType "team-swiss"]
[EventRounds "11"]
[EventCountry "GEO"]
[SourceTitle "Ajedrez en Madrid"]
[Source "lmi"]
[SourceDate "2018.09.24"]
[WhiteTeam "Panama"]
[BlackTeam "Costa Rica"]
[WhiteTeamCountry "PAN"]
[BlackTeamCountry "CRI"]

1. d4 Nf6 2. c4 e6 3. Nc3 b6 4. e4 Bb4 5. Qc2 Bb7 6. Bd3 c5 7. d5 Bxc3+ 8. bxc3
e5 9. Bg5 d6 10. Ne2 Nbd7 11. Ng3 h6 12. Be3 Ng4 13. Qd2 g6 14. f3 Nxe3 15.
Qxe3 Ba6 16. a4 Rb8 17. O-O Qg5 18. Qxg5 hxg5 19. Rfb1 Kd8 20. a5 Kc7 21. axb6+
Rxb6 22. Rxb6 Kxb6 23. Rb1+ Kc7 24. Ra1 Kb7 25. Nf1 Nb6 26. Nd2 Nd7 27. Rb1+
Kc7 28. Ra1 Kb6 29. Rb1+ Kc7 30. Ra1 Kb6 31. Rb1+ Kc7 32. Ra1 Kb6 1/2-1/2

[Event "43. Olimpiada Batumi 2018 Femenina"]
[Site "Batumi GEO"]
[Date "2018.10.04"]
[Round "10.3"]
[White "Castillo Morales, Thais"]
[Black "Carrillo Marval, Maria Angelica"]
[Result "1-0"]
[WhiteElo "1925"]
[BlackElo "1712"]
[PlyCount "113"]
[EventDate "2018.09.24"]
[EventType "team-swiss"]
[EventRounds "11"]
[EventCountry "GEO"]
[SourceTitle "Ajedrez en Madrid"]
[Source "lmi"]
[SourceDate "2018.09.24"]
[WhiteTeam "Costa Rica"]
[BlackTeam "Panama"]
[WhiteTeamCountry "CRI"]
[BlackTeamCountry "PAN"]

1. c4 e5 2. g3 Nf6 3. Bg2 d5 4. cxd5 Nxd5 5. Nc3 Nb6 6. d3 Nc6 7. Nf3 Be7 8.
Be3 O-O 9. O-O Be6 10. Rc1 f5 11. Qd2 h6 12. Ne1 Nd5 13. Nxd5 Bxd5 14. b3 Bb4
15. Qb2 f4 16. Bc5 Bxc5 17. Rxc5 Bxg2 18. Kxg2 Qd6 19. b4 Nd4 20. Qd2 b6 21.
Rc4 a5 22. a3 axb4 23. axb4 b5 24. Rc3 Qxb4 25. Nc2 Qd6 26. Nxd4 exd4 27. Rc2
Rf6 28. Rfc1 fxg3 29. hxg3 Rc8 30. Rc5 Qb6 31. Qb4 Rcf8 32. f3 Qe6 33. R5c2 Qd6
34. Qxb5 Rg6 35. Qc4+ Kh8 36. Qxc7 Rxg3+ 37. Kf2 Rg6 38. Rc6 Qxc7 39. Rxc7 Rd8
40. Re7 Kh7 41. Rcc7 Rf8 42. Rcd7 Rf4 43. Re4 Rgg4 44. Rdxd4 Rxe4 45. Rxe4 Rg5
46. Rc4 h5 47. d4 h4 48. Rc5 Kg6 49. Rxg5+ Kxg5 50. d5 Kf6 51. f4 g5 52. fxg5+
Kxg5 53. e4 Kg4 54. d6 Kh3 55. d7 Kh2 56. d8=Q h3 57. Qh4 1-0

[Event "43. Olimpiada Batumi 2018 Femenina"]
[Site "Batumi GEO"]
[Date "2018.10.04"]
[Round "10.4"]
[White "Arosemena, Betty"]
[Black "Salazar Gould, Melanie"]
[Result "0-1"]
[WhiteElo "1598"]
[BlackElo "1926"]
[PlyCount "110"]
[EventDate "2018.09.24"]
[EventType "team-swiss"]
[EventRounds "11"]
[EventCountry "GEO"]
[SourceTitle "Ajedrez en Madrid"]
[Source "lmi"]
[SourceDate "2018.09.24"]
[WhiteTeam "Panama"]
[BlackTeam "Costa Rica"]
[WhiteTeamCountry "PAN"]
[BlackTeamCountry "CRI"]

1. e4 e6 2. d4 d5 3. Nd2 Nf6 4. e5 Nfd7 5. Bd3 c5 6. c3 Nc6 7. Ne2 cxd4 8. cxd4
f6 9. Nf4 Nxd4 10. Qh5+ Ke7 11. Ng6+ hxg6 12. exf6+ Nxf6 13. Qxh8 Kf7 14. O-O
Nh5 15. Nb3 Nxb3 16. axb3 Qb6 17. Bxg6+ Kxg6 18. Qxf8 Nf6 19. Ra3 e5 20. b4 Qc7
21. Qh8 Ne4 22. Qe8+ Kh7 23. Qh5+ Kg8 24. Rf3 Be6 25. h4 Rc8 26. Qg6 Qd7 27. h5
Bg4 28. Rf7 Qxf7 29. Qxg4 Rc4 30. Qe2 Rxb4 31. h6 Rc4 32. b3 Rc6 33. Qg4 Qg6
34. Qd7 Nf6 35. Qxb7 Rb6 36. Qxa7 Rxb3 37. Qc7 e4 38. Qd8+ Qe8 39. Qxe8+ Nxe8
40. Be3 gxh6 41. Bxh6 Kf7 42. Rd1 Ke6 43. Kf1 Nf6 44. Bg7 Ng4 45. Bd4 Ne5 46.
Ke2 Ra3 47. Ra1 Rd3 48. Rd1 Ra3 49. Rd2 Nd3 50. Bh8 Rb3 51. f3 Nf4+ 52. Kf1 e3
53. Rb2 e2+ 54. Ke1 Nd3+ 55. Kxe2 Nxb2 0-1